Fundamental accounting principles

Αποθηκεύτηκε σε:
Λεπτομέρειες βιβλιογραφικής εγγραφής
Κύριος συγγραφέας: Pyle, William W.
Άλλοι συγγραφείς: Larson, Kermit D.
Μορφή: Βιβλίο
Γλώσσα:English
Δημοσίευση: Homewood, Ill. : Georgetown, Ont. : R.D. Irwin ; , Irwin-Dorsey, 1981
Έκδοση:9th ed.
Σειρά:Willard J. Graham series in accounting
Θέματα:
Ετικέτες: Προσθήκη ετικέτας
Δεν υπάρχουν, Καταχωρήστε ετικέτα πρώτοι!

MARC

LEADER 00000nam a2200000 i 4500
001 1/41253
008 971120s1981 eng d
020 |a 0256023867 
035 |l 10041457 
035 |a 1997  |c ΔΩΡΕΑ ΤΖΑΦΕΡΗ 
040 |a GR-MY-UA  |b gre  |e aacr 
041 0 |a eng 
082 0 |a 657 
100 1 |a Pyle, William W. 
245 1 0 |a Fundamental accounting principles /  |c William W. Pyle, Kermit D. Larson 
250 |a 9th ed. 
260 |a Homewood, Ill. :   |a Georgetown, Ont. :   |b R.D. Irwin ; ,   |b Irwin-Dorsey,   |c 1981 
300 |a xvii, 971 p.;  |b ill.;  |c 25 cm. 
490 1 |a Willard J. Graham series in accounting 
500 |a Includes index 
650 0 0 |a Accounting. 
700 1 |a Larson, Kermit D. 
830 0 |a Willard J. Graham series in accounting 
852 |a INST  |b SAMOS  |e 19971120  |h 657 PYL  |p 005300008460  |q 005300008460  |t BK  |y 0 
901 |a BIBL-1997-2 
909 |a Σ  |b 050275